Νέες τεχνολογίες και παλαιοί φόβοι στο σχολείο : αναπαραστάσεις και στάσεις εκπαιδευτικών ως προς τη χρήση Νέων Τεχνολογιών στη Δευτεροβάθμια Εκπαίδευση

Αποθηκεύτηκε σε:
Λεπτομέρειες βιβλιογραφικής εγγραφής
Κύριος συγγραφέας: Διαμαντάκη, Κατερίνα
Άλλοι συγγραφείς: Ντάβου, Μπετίνα, 1959-, Πανούσης, Γιάννης Απ. 1949-
Μορφή: Βιβλίο
Γλώσσα:Greek
Δημοσίευση: Αθήνα : Παπαζήσης, 2001.
Θέματα:
Ετικέτες: Προσθήκη ετικέτας
Δεν υπάρχουν, Καταχωρήστε ετικέτα πρώτοι!

MARC

LEADER 00000cam a2200000 i 4500
001 1/34066
008 030304s2001 gr | ||| |||| ||gre||
020 |a 9600214484 
035 |l 10069625 
040 |a GR-MY-UA  |b gre  |e aacr 
041 0 |a gre 
082 7 |a 372.334   |2 (22) 
100 1 |a Διαμαντάκη, Κατερίνα. 
245 1 0 |a Νέες τεχνολογίες και παλαιοί φόβοι στο σχολείο :   |b αναπαραστάσεις και στάσεις εκπαιδευτικών ως προς τη χρήση Νέων Τεχνολογιών στη Δευτεροβάθμια Εκπαίδευση /   |c Κατερίνα Διαμαντάκη, Μπετίνα Ντάβου, Γιάννης Πανούσης.  
260 |a Αθήνα :   |b Παπαζήσης,   |c 2001.  
300 |a 352 σ. :   |b πίν. ;   |c 21 εκ.  
500 |a Άνω του τίτλου: Ερευνητικό Πανεπιστημιακό Ινστιτούτο Εφηρμοσμένης Επικοινωνίας. Εθνικό και Καποδιστριακό Πανεπιστήμιο Αθηνών.  
650 0 0 |a Computer-assisted instruction. 
650 0 0 |a Education  |x Data processing. 
700 1 |a Ντάβου, Μπετίνα,  |d 1959- 
700 1 |a Πανούσης, Γιάννης Απ.  |d 1949- 
852 |a INST  |b RHODES  |e 20030304  |h 372.334 ΔΙΑ  |p 005400021832  |q 005400021832  |t BK  |y 0 
901 |a BIBL4-2003-1 
909 |a Ρ  |b 104130 
922 |a 4ΕΛΗ  |b 200301  |c ΕΠΕΑΕΚ2/ΤΕΠΑΕΣ  |d ΠΑΠΑΣΩΤΗΡΙΟΥ & ΕΛΕΥΘΕΡΟΥΔΑΚΗΣ 
950 |a 096-2002-10-23 
970 |a ΚΟΥΛΑΚΙΟΤΗ  |b ΛΙΤΣΑ  |z 2003/03/19